Schaum's outline of theory and problems of fluid dynamics /
Αποθηκεύτηκε σε:
| Κύριος συγγραφέας: | |
|---|---|
| Μορφή: | Βιβλίο |
| Γλώσσα: | English |
| Έκδοση: |
New York :
McGraw Hill,
1999.
|
| Έκδοση: | 3rd ed. |
| Θέματα: | |
| Ετικέτες: |
Προσθήκη ετικέτας
Δεν υπάρχουν, Καταχωρήστε ετικέτα πρώτοι!
|
| Thư viện lưu trữ: | Mạng thư viện Đại học Đà Nẵng |
|---|
| LEADER | 00874cam a2200325 i 4500 | ||
|---|---|---|---|
| 001 | 000045936 | ||
| 003 | 5156 | ||
| 005 | 20030314140009.0 | ||
| 008 | 010220|1999 vm 000 eng | ||
| 020 | |a 0070311188 (pbk.) | ||
| 040 | |a IRC |c IRC |d IRC | ||
| 041 | 0 | |a eng | |
| 082 | 1 | 4 | |a 532.05 |b HU-W |
| 100 | 1 | |a Hughes, William F. |q (William Frank), |d 1930- | |
| 245 | 0 | 0 | |a Schaum's outline of theory and problems of fluid dynamics / |c William F. (William Frank) Hughes. |
| 250 | |a 3rd ed. | ||
| 260 | |a New York : |b McGraw Hill, |c 1999. | ||
| 300 | |a viii, 391p. : |b ill. | ||
| 630 | 0 | 4 | |a Fluid dynamics. |
| 650 | 0 | 4 | |a Fluid dynamics. |
| OWN | |a DUT | ||
| 999 | |a From the UDN01 | ||
| TYP | |a Monograph | ||
| TYP | |a Printed language | ||
| 980 | |a Mạng thư viện Đại học Đà Nẵng | ||


